000 00393nam a22001577a 4500
003 MPLRDC
005 20220104143243.0
008 210129b ||||| |||| 00| 0 eng d
082 _a857.45 CDF v.15
100 _a蔡东藩
245 _a历朝通俗演义. 第十五集
_c
260 _a
_b香港文光书局
_c1956
300 _b
650 _a历史小说
942 _cBK
_o857.45 CDF v.15
999 _c38110
_d38100